Advanced level physics / (Record no. 1572)

MARC details
000 -LEADER
fixed length control field 01019nac a22002891i 4500
003 - CONTROL NUMBER IDENTIFIER
control field EG-ScBUE
005 - DATE AND TIME OF LATEST TRANSACTION
control field 20250128090126.0
008 - FIXED-LENGTH DATA ELEMENTS--GENERAL INFORMATION
fixed length control field 091104r20011995enka f 001 0 eng d
020 ## - INTERNATIONAL STANDARD BOOK NUMBER
International Standard Book Number 043592303X
020 ## - INTERNATIONAL STANDARD BOOK NUMBER
International Standard Book Number 9780435923037
040 ## - CATALOGING SOURCE
Original cataloging agency EG-ScBUE
Language of cataloging eng
Description conventions rda
Transcribing agency EG-ScBUE
Modifying agency EG-ScBUE
082 04 - DEWEY DECIMAL CLASSIFICATION NUMBER
Classification number 530
Item number NEL
Edition number 22
100 1# - MAIN ENTRY--PERSONAL NAME
Personal name Nelkon, Michael,
Relator term author.
9 (RLIN) 9159
245 10 - TITLE STATEMENT
Title Advanced level physics /
Statement of responsibility, etc Michael Nelkon, formerly head of the science Department William Ellis School, London, P. Parker, late senior lecture in physics, The City University, London.
250 ## - EDITION STATEMENT
Edition statement Seventh edition.
250 ## - EDITION STATEMENT
Edition statement Reprint edition.
264 #1 - PUBLICATION, DISTRIBUTION, ETC. (IMPRINT)
Place of publication, distribution, etc Oxford :
Name of publisher, distributor, etc William Heinemann,
Date of publication, distribution, etc 2001.
300 ## - PHYSICAL DESCRIPTION
Extent xv, 927 pages :
Other physical details illustrations ;
Accompanying material 23 cm
336 ## - CONTENT TYPE
Source rdacontent
Content type term text
Content type code txt
337 ## - MEDIA TYPE
Media type term unmediated
Source rdamedia
Media type code n
338 ## - CARRIER TYPE
Carrier type term volume
Carrier type code nc
Source rdacarrier
500 ## - GENERAL NOTE
General note Includes index.
650 #7 - SUBJECT ADDED ENTRY--TOPICAL TERM
Topical term or geographic name as entry element Physics.
Source of heading or term BUEsh
9 (RLIN) 9160
655 ## - INDEX TERM--GENRE/FORM
Form subdivision Reading book
700 1# - ADDED ENTRY--PERSONAL NAME
Personal name Parker, Philip,
Relator term author.
9 (RLIN) 9161
942 ## - ADDED ENTRY ELEMENTS (KOHA)
Koha item type Book - Borrowing
Source of classification or shelving scheme Dewey Decimal Classification
Holdings
Withdrawn status Lost status Source of classification or shelving scheme Damaged status Not for loan Collection code Home library Current library Shelving location Date acquired Source of acquisition Total Checkouts Full call number Barcode Date last seen Price effective from Koha item type
    Dewey Decimal Classification     Baccah Central Library Central Library First floor 06/11/2006 Purchase   530 NEL 000002777 15/07/2025 06/11/2006 Book - Borrowing
    Dewey Decimal Classification     Baccah Central Library Central Library First floor 06/11/2006 Purchase   530 NEL 000002776 15/07/2025 06/11/2006 NB - Book (Non borrowing)
    Dewey Decimal Classification     Baccah Central Library Central Library First floor 04/11/2009 Purchase   530 NEL 000018874 15/07/2025 04/11/2009 NB - Book (Non borrowing)